000 00626nam a22002057a 4500
005 20150331054338.0
008 030409s2004 maua b 001 0 eng
020 _a0072547030
080 _a339.138
100 1 _aKerin, Roger A.
245 1 0 _aMarketing :
_cRoger A. Kerin, Steven W. Hartley, William Rudelius.
260 _aBoston, Mass. :
_bMcGraw-Hill/Irwin,
_c2004.
300 _a462 f.:
_bme il.;
_c28 cm.
440 0 _aMcGraw-Hill/Irwin series in marketing
505 _aIndex: f. 443 - 462
650 0 _aMarketing
700 1 _aHartley, Steven William.
700 1 _aRudelius, William.
942 _2udc
_cBK
999 _c650
_d650